|
|
|
|
| LEADER |
00000nam0a2200000 4500 |
| 001 |
44815 |
| 005 |
20231031022922.0 |
| 010 |
|
|
|a 9854456641
|
| 035 |
|
|
|a (RuTPU)RU\TPU\book\46551
|
| 090 |
|
|
|a 44815
|
| 100 |
|
|
|a 20021127d2002 m y0rusy50 ca
|
| 101 |
0 |
|
|a rus
|
| 102 |
|
|
|a BY
|
| 105 |
|
|
|a a j 001zy
|
| 200 |
1 |
|
|a Лазерная диагностика и спектроскопия
|e учебное пособие для вузов
|f М. М. Кугейко
|
| 210 |
|
|
|a Минск
|c Изд-во БГУ
|d 2002
|
| 215 |
|
|
|a 275 с.
|c ил.
|
| 320 |
|
|
|a Библиогр.: с. 271-272.
|
| 610 |
1 |
|
|a физика
|
| 610 |
1 |
|
|a спектроскопия
|
| 610 |
1 |
|
|a диагностика лазерная
|
| 610 |
1 |
|
|a лазерное излучение
|
| 610 |
1 |
|
|a лазерно-локационные измерения
|
| 610 |
1 |
|
|a лазерная локация
|
| 610 |
1 |
|
|a физические основы
|
| 610 |
1 |
|
|a априорная неопределенность
|
| 610 |
1 |
|
|a атмосфера
|
| 610 |
1 |
|
|a метеорологические параметры
|
| 610 |
1 |
|
|a загрязнения
|
| 610 |
1 |
|
|a лазерная спектроскопия
|
| 610 |
1 |
|
|a рассеивающие среды
|
| 610 |
1 |
|
|a учебные пособия
|
| 675 |
|
|
|a 535.33:621.373.826(075.8)
|v 3
|
| 700 |
|
1 |
|a Кугейко
|b М. М.
|g Михаил Михайлович
|
| 801 |
|
1 |
|a RU
|b 63413507
|c 20021127
|g PSBO
|
| 801 |
|
2 |
|a RU
|b 63413507
|c 20080114
|g PSBO
|
| 942 |
|
|
|c BK
|